000 00967nam a22002535a 4500
005 20090801141939.0
008 081203s2009 ii a bs 001 0 eng
010 _aENG-94612
020 _a9788186208601
_c450.00
035 _aEN-78145
037 _bDBAD / PUB
040 _adpl
_bEnglish
082 _a379.26
100 _aSinha, Sushil Kumar
245 _aReservation in higher education /
_cby Sushil Kumar Sinha.
260 _aNew Delhi
_bRaj Publications
_c2009
270 _a108, 4855/24, Ansari Road, Daryaganj,
_bNew Delhi
_e110002
300 _a183 p. :
_bill. ;
_c22cm(Hb)
500 _aIncludes bibliographical references and index
650 _aDalits
_xEducation, Higher
650 _aDalits
_xEconomic conditions
942 _2ddc
_cEN
_mSIN
_h379.26
999 _c28831
_d28831